Statistics for Teams Never To Win The FA Cup

Click here to take the quiz!

General Stats

  • This quiz has been taken 1,978 times
    (805 since last reset)
  • The average score is 7 of 13

Answer Stats

Runners Up In:Team% Correct
1990; 2016Crystal Palace
68%
1984; 2019Watford
68%
2014Hull City
67%
1983Brighton and Hove Albion
64%
2004Millwall
63%
1975Fulham
62%
1997Middlesbrough
62%
2011Stoke City
59%
1982Queens Park Rangers
57%
1931; 1956Birmingham City
53%
1959Luton Town
50%
1909Bristol City
37%
1884; 1885**Queens Park
33%

Score Distribution

Percentile by Number Answered

Percent of People with Each Score

Your Score History

You have not taken this quiz since the last reset